|
|
|
|
| LEADER |
01633cas a2200241 a 4500 |
| 001 |
AALejournalIMF000641 |
| 008 |
230101c9999 xx r poo 0 0eng d |
| 020 |
|
|
|c 5.00 USD
|
| 020 |
|
|
|z 9781451805000
|
| 022 |
|
|
|a 1934-7685
|
| 040 |
|
|
|a BD-DhAAL
|c BD-DhAAL
|
| 110 |
2 |
|
|a International Monetary Fund.
|
| 245 |
1 |
0 |
|a Belarus :
|b Recent Economic Developments.
|
| 264 |
|
1 |
|a Washington, D.C. :
|b International Monetary Fund,
|c 1995.
|
| 300 |
|
|
|a 1 online resource (192 pages)
|
| 490 |
1 |
|
|a IMF Staff Country Reports
|
| 500 |
|
|
|a <strong>Off-Campus Access:</strong> No User ID or Password Required
|
| 500 |
|
|
|a <strong>On-Campus Access:</strong> No User ID or Password Required
|
| 506 |
|
|
|a Electronic access restricted to authorized BRAC University faculty, staff and students
|
| 520 |
3 |
|
|a This paper describes economic developments in Belarus during 1992-94. The difficult economic situation facing Belarus in 1992 and 1993 continued unabated in 1994. Two political developments compounded the economic problems in the first half of the year. Efforts were aimed at alleviating or mitigating the effects of the downturn in output on living standards in the run-up to the country's first presidential elections. In September 1994, the government developed a comprehensive macroeconomic and structural adjustment program, or 'Anti-Crisis Program,' which was approved by the parliament in October.
|
| 538 |
|
|
|a Mode of access: Internet
|
| 830 |
|
0 |
|a IMF Staff Country Reports; Country Report ;
|v No. 1995/099
|
| 856 |
4 |
0 |
|z Full text available on IMF
|u http://elibrary.imf.org/view/journals/002/1995/099/002.1995.issue-099-en.xml
|z IMF e-Library
|